| 000 | 00683nam a2200301Ia 4500 | ||
|---|---|---|---|
| 005 | 20260401122337.0 | ||
| 008 | 008 250103s9999 xx 000 0 eng d | ||
| 020 | _a521004179 | ||
| 037 | _aTB | ||
| 040 | _aEDL | ||
| 040 | _beng | ||
| 040 | _cEDL | ||
| 041 | _2eng | ||
| 041 | _aeng | ||
| 084 | _a305.42 TAY | ||
| 084 | _qEDL | ||
| 100 |
_aTaylor, Barbara _91108640 |
||
| 245 | 0 | _aMary Wollstonecraft and the Feminist Imagination | |
| 245 | 0 | _cTaylor, Barbara | |
| 260 | _aU.K | ||
| 260 | _bCambridge University Press | ||
| 260 | _c2003 | ||
| 300 | _a331p | ||
| 942 | _cTB | ||
| 942 | _h305.42 TAY | ||
| 999 |
_c1846653 _d1846653 |
||